000 00371nam a2200157Ia 4500
003 OSt
008 191201s2012 xx 000 0 und d
082 _a629.89
_bDER
100 _aDEB,S.R
245 0 _aRobotics Technology and Flexible Automation
250 _aRep
260 _aNew Delhi
_bS.K.Kataria
_c2012
300 _a763
650 _aM.Tech (ME)
942 _2ddc
_cBK
999 _c5108
_d5108